000 00317cas a2200133 4500
022 _a0003-4975
040 _cMUL
082 0 _a617 LIT 1998 A105 Or.
245 0 4 _aThe Annals of thoracic surgery
260 _a[Boston, etc. :
_bLittle, Brown & Co., etc]
300 _bill. ;
_c26 cm
650 2 _aThorax
942 _cEK
999 _c16221
_d16221